Statistiques concernant Reliez la série TV à son personnage principal #2

Cliquez ici pour prendre le quiz!

Statistiques générales

  • Ce quiz a été pris 471 fois
  • Le résultat moyen est 8 sur 15

Statistiques - réponses

HintRéponse% Correct
Rachel GreenFriends
79%
Sheldon CooperBig Bang Theory
77%
Tyrion LannisterGame of Thrones
77%
Bree Van De KampDesperate Housewives
75%
Rick GrimesThe Walking Dead
61%
Piper HalliwellCharmed
60%
Betty CooperRiverdale
55%
Ted MosbyHow I met your mother
50%
Piper ChapmanOrange is the new black
50%
Clarke GriffinThe 100
47%
Rachel BerryGlee
41%
Andréa MartelDix pour cent
40%
Frank UnderwoodHouse of cards
33%
Cookie LyonEmpire
28%
Carrie MathisonHomeland
25%

Distribution des résultats

Percentile par nombre de réponses

% des personnes avec chaque résultat

Votre développement - résultats

Vous n’avez pas pris ce quiz